Statistics for Dodgers Roster - 4/11/24

Click here to take the quiz!

General Stats

  • This quiz has been taken 25 times
  • The average score is 16 of 26

Answer Stats

HintAnswer% Correct
Freddie Freeman
100%
Catchers:Will Smith
100%
Infielders:Mookie Betts
94%
Two-way
Players:
Shohei Ohtani
94%
Gavin Lux
89%
Max Muncy
89%
James Outman
83%
Outfielders:Enrique "Kike"
Hernandez
78%
Tyler Glasnow
78%
Yoshinobu Yamamoto
78%
Austin Barnes
72%
Teoscar Hernandez
72%
Bobby Miller
67%
Chris Taylor
61%
Taylor Trammell
56%
James Paxton
50%
Joe Kelly
50%
Miguel Rojas
50%
Alex Vesia
44%
Evan Phillips
44%
Gavin Stone
44%
Ryan Yarbrough
39%
Michael Grove
33%
Daniel Hudson
28%
Pitchers:Ryan Brasier
28%
Connor Brogdon
0%

Score Distribution

Percentile by Number Answered

Percent of People with Each Score

Your Score History

You have not taken this quiz